| 000 -CABECERA |
| fixed length control field |
01743nam a22002537a 4500 |
| 003 - IDENTIFICADOR DEL NÚMERO DE CONTROL |
| control field |
AR-CdUCM |
| 008 - DATOS DE LONGITUD FIJA--INFORMACIÓN GENERAL |
| fixed length control field |
190425b ||||| |||| 00| 0 spa d |
| 040 ## - FUENTE DE LA CATALOGACIÓN |
| Agencia/entidad que catalogó originalmente la obra |
MUNICIPALIDAD PROVINCIAL DEL CUSCO |
| Entidad que transcribió la catalogación |
BIBLIOTECA MUNICIPAL DEL CUSCO |
| 082 ## - NÚMERO DE LA CLASIFICACIÓN DECIMAL DEWEY |
| No. de Clasificación |
TupacAmaru/N°5/1965 |
| 245 ## - MENCIÓN DE TÍTULO |
| Título |
Revista Tupac Amaru : |
| Resto del título |
Órgano eventual de la provincia de Canas / |
| 260 ## - PUBLICACIÓN, DISTRIBUCIÓN, ETC. |
| Lugar de publicación, distribución, etc. |
Cusco : |
| Nombre de la editorial, distribuidor, etc. |
H. G. Rozas, |
| Fecha de publicación, distribución, etc. |
1965. |
| 300 ## - DESCRIPCIÓN FÍSICA |
| Nº de Páginas Extensión |
66 páginas. : |
| Dimensiones |
28 cm. |
| 440 ## - MENCIÓN DE SERIE/PUNTO DE ACCESO ADICIONAL--TÍTULO |
| Título |
Revista Tupac Amaru. |
| Número de la parte/sección de una obra |
Año IV, Vol. IV, N°5, 1965 |
| 9 (RLIN) |
47207 |
| 505 ## - NOTA DE CONTENIDO CON FORMATO |
| Nota de contenido formateada |
Contenido: Presencia de Canas. Octavio Linares. -- Canas escenario de la revolución de 1780. Juan de la Cruz Salas Sánchez. -- Programa de salud de la posta médica de Yanaoca para el año de 1965. Agustín Vela Córdova. -- El crédito agrario. Pedro Valcárcel Gamarra. -- Tupac Amaru y la creación de la audiencia del Cuzco. Alcides E. estrada. -- Historia de la reforma agraria. Alfredo Urrutia Lezama. -- Doña Micaela Bastidas Phuyuqhawa es otro simbolo excelso de la mujer andina. Juan de la Cruz Salas. -- La mujer caneña en la revolución emancipadora de América. Felicia Montufar de Medrano. -- 184 aniversario de la muerte de Tupac Amaru II. Teófilo Uscamayta. -- Nace un colegio para la altiva provincia de Canas. Toribio Cornejo Herrera. -- Nuestro homenaje día del Cusco. Germán Linares Gutiérrez. -- Poesía, arte. Justo Béjar Navarro. |
| 650 ## - PUNTO DE ACCESO ADICIONAL DE MATERIA--TÉRMINO DE MATERIA |
| Descriptor |
Túpac Amaru |
| 9 (RLIN) |
623 |
| 650 ## - PUNTO DE ACCESO ADICIONAL DE MATERIA--TÉRMINO DE MATERIA |
| Descriptor |
Levantamientos andinos |
| 9 (RLIN) |
44095 |
| 650 ## - PUNTO DE ACCESO ADICIONAL DE MATERIA--TÉRMINO DE MATERIA |
| Descriptor |
Rebeliones anticoloniales |
| 9 (RLIN) |
47208 |
| 700 ## - PUNTO DE ACCESO ADICIONAL--NOMBRE DE PERSONA |
| Nombre Personal |
Salas Sánchez, Juan de la Cruz |
| 9 (RLIN) |
11208 |
| 700 ## - PUNTO DE ACCESO ADICIONAL--NOMBRE DE PERSONA |
| Nombre Personal |
Montufar de Medrano, Felicia |
| 9 (RLIN) |
47209 |
| 700 ## - PUNTO DE ACCESO ADICIONAL--NOMBRE DE PERSONA |
| Nombre Personal |
Linares Gutiérrez, Germán |
| 9 (RLIN) |
47210 |
| 700 ## - PUNTO DE ACCESO ADICIONAL--NOMBRE DE PERSONA |
| Nombre Personal |
Uscamayta, Teófilo |
| 9 (RLIN) |
47211 |
| 942 ## - ELEMENTOS DE PUNTO DE ACCESO ADICIONAL (KOHA) |
| Fuente de clasificación |
|
| Tipo de item |
Revistas cusqueñas |
| 945 ## - PROCESAMIENTO DE INFORMACIÓN LOCAL (OCLC) |
| Catalogador |
rac |